000 00443nam a2200157 i 4500
001 29126
003 ES-MaACL
005 20230906153958.0
007 t|
008 030121s1966 sp ||||1| spa d
100 1 _aBarbero Santos, Marino.
_925445
245 1 3 _aEl suicidio, problemática y valoración /
_cMarino Barbero Santos.
260 _aMadrid :
_bTaurus,
_c[1966]
300 _a60 p. ;
_c19 cm.
852 _aES-MaACL
_jC-31351
_bR.61868
999 _c29126
_d29126